000 00766nam a2200289Ia 4500
005 20260324115452.0
008 008 260324s9999 xx 000 0 eng d
020 _a9781315147499
037 _aEBOOK
040 _aCRL
040 _beng
040 _cCRL
041 _2eng
041 _aeng
084 _qCRL
100 _aAparna Thankappan; Nandakumar Kalarikkal; Sabu Thomas; Aneesa Padinjakkara
_91154782
245 0 _aPolymeric and Nanostructured Materials
245 0 _bSynthesis, Properties, and Advanced Applications
260 _bTaylor and Francis
260 _c2018
365 _a
365 _b260
856 _uhttp://www.taylorfrancis.com/books/9781315147499
942 _cEBOOK
999 _c1745684
_d1745684